• 首页
  • 本馆介绍
  • 公告通知
  • 最新文献
  • 馆藏检索
  • 电子资源
  • 读者导购
  • 参考咨询
  • 我的图书馆
  • 登录
  • 详细信息显示
  • 放入我的书架
  • 预约/预借图书
  • 作者相关作品
  • 分类相关作品
  • 丛书相关作品
  • 出版社相关作品

书目信息

  • 表格格式
  • 工作单格式
  • 卡片格式
书名: Physical fitness
作者: Robert V. Hockey.
分册号:
分册名:
出版地: Boston :
 
出版社: McGraw-Hill/WCB
出版时间: c1996.
页数: xiii, 318 p. :
开本: 28 cm.
丛书名:
中图分类号:
科图分类号:
其他分类号: G804.1
主题词:
电子资源:
000 00528pam 2200181 a 45
001 E0731598500
005 20070319085118.65
020    @a0815144792.
090    @aG804.1
099    @dG804.1@ex7=8
100 1  @aHockey, Robert V.
245 10 @aPhysical fitness :@bthe pathway to healthful living / @cRobert V. Hockey.
250    @a8th ed.
260    @aBoston :@bMcGraw-Hill/WCB,@cc1996.
300    @axiii, 318 p. :@bill. (some col.) ;@c28 cm.
504    @aIncludes bibliographical references and index.
920    @a221020@z2
998    @aDUTL
    
    Physical fitness : : the pathway to healthful living / / Robert V. Hockey.-8th ed.-Boston : : McGraw-Hill/WCB, , c1996.
    xiii, 318 p. : : ill. (some col.) ; ; 28 cm.
    Includes bibliographical references and index.
    
    ISBN 0815144792.
    
●
相关链接 在E读中查询图书 在五车中查询图书 在当当中查询图书 在豆瓣中查询图书


正题名:Physical fitness     索取号:G804.1/x7=8         预约/预借

序号 登录号 条形码 馆藏地/架位号 状态 备注
1 0002143   300021438   第二样本阅览室/ [索取号:G804.1/x7=8] 在馆    
2 0002144   300021447   第四借阅区/ [索取号:G804.1/x7=8] 在馆    
3 0002145   300021456   第四借阅区/ [索取号:G804.1/x7=8] 在馆    
唐山师范学院图书馆 欢迎您!
大连网信软件有限公司© 版权所有